000 00969nam a2200265Ia 4500
003 OSt
005 20221005103410.0
006 a|||||r|||| 00| 0
007 ta
008 221004b |||||||| |||| 00| 0 hin d
020 _a9789385448225 (hbk)
024 _a27418
037 _bGift, 26/07/2016,
_cTextual
040 _aCRL
_cCRL
_bhin
041 _2hin
_ahin
082 _aDelta2:3, 152Q6
100 _aतातेड़, सोहन राज
245 0 _aयोग द्वारा समग्र स्वास्थ्य
246 _aYog dvārā samagra swāsthya
260 _aजयपुर
_bआशा पब्लिकेशन्स भारत
_c2016
300 _a223पृ0
_ccm.
650 _aआध्यात्मिक अनुभव और रहस्यवाद
942 _hDelta2:3, 152Q6
_cTEXL
_2cc
999 _c1009977
_d1009977